[Event "SVK-chT2C 1617"]
[Site "Slovakia"]
[Date "2017.03.11"]
[Round "10.8"]
[White "Stauder, Matej"]
[Black "Vinarcik, Milan"]
[Result "1-0"]
[WhiteElo "1570"]
[BlackElo "1736"]
[PlyCount "125"]
[EventDate "2016.10.08"]
[EventType "team-tourn"]
[EventRounds "11"]
[EventCountry "SVK"]
[SourceTitle "EXT 2018"]
[Source "ChessBase"]
[SourceDate "2017.10.13"]
[SourceVersion "1"]
[SourceVersionDate "2017.10.13"]
[SourceQuality "1"]
[WhiteTeam "Zilina Mladost II"]
[BlackTeam "Martin Medea"]
[WhiteTeamCountry "SVK"]
[BlackTeamCountry "SVK"]

1. e4 c5 2. Nf3 Nc6 3. d4 cxd4 4. Nxd4 Qb6 5. Nb3 e6 6. Be3 Qc7 7. Nc3 Bb4 8. a3 Bxc3+ 9. bxc3 b6 10. Qd2 Nge7 11. Rd1 0-0 12. Bf4 e5 13. Bg5 Ng6 14. g3 f6 15. Bc4+ Kh8 16. Be3 Nce7 17. Be2 Bb7 18. f3 Rfd8 19. 0-0 d5 20. exd5 Rxd5 21. Qe1 Rxd1 22. Bxd1 Rd8 23. Be2 a5 24. c4 Nf5 25. Qf2 Nxe3 26. Qxe3 a4 27. Nd2 Ne7 28. Bd3 f5 29. Re1 Qd7 30. Qxe5 Ng8 31. Re2 Bc8 32. Nb1 Nf6 33. Qe7 Qd4+ 34. Kg2 h6 35. Qe5 Qd7 36. Qb5 Kh7 37. Nc3 Qd4 38. Nxa4 Bd7 39. Qb4 Bxa4 40. Qxa4 Nd5 41. Bxf5+ g6 42. Qa7+ Qg7 43. Qxg7+ Kxg7 44. cxd5 gxf5 45. c4 Rc8 46. Rc2 Kf6 47. Re2 Rxc4 48. Re6+ Kg5 49. f4+ Kg4 50. Rg6+ Kh5 51. Rxb6 Rd4 52. Rd6 Rd2+ 53. Kh3 Rd3 54. Rd8 Rxa3 55. d6 Rd3 56. d7 Rd6 57. Kg2 Rd2+ 58. Kf3 Rd3+ 59. Ke2 Rd6 60. h3 Rd5 61. Ke3 Rd6 62. g4+ fxg4 63. hxg4+ 1-0

[Event "Martin op"]
[Site "Martin"]
[Date "2011.11.16"]
[Round "1"]
[White "Svana, Peter"]
[Black "Vinarcik, Milan"]
[Result "1-0"]
[WhiteElo "2258"]
[BlackElo "1754"]
[PlyCount "63"]
[EventDate "2011.11.16"]
[EventType "swiss"]
[EventRounds "7"]
[EventCountry "SVK"]
[SourceTitle "EXT 2012"]
[Source "ChessBase"]
[SourceDate "2011.11.24"]
[SourceVersion "1"]
[SourceVersionDate "2011.11.24"]
[SourceQuality "1"]

1. d4 d6 2. e4 e6 3. Nc3 a6 4. f4 g6 5. Nf3 Bg7 6. Be3 Ne7 7. Qd2 c6 8. Bd3 f5 9. h3 d5 10. exf5 exf5 11. Ne5 Be6 12. 0-0-0 Qa5 13. Kb1 Nd7 14. Bf2 Nf6 15. Bh4 Qc7 16. Bxf6 Bxf6 17. Rhe1 Bf7 18. Na4 0-0 19. g4 Qc8 20. Nb6 Qc7 21. Nxa8 Rxa8 22. gxf5 Nxf5 23. Bxf5 gxf5 24. Nxf7 Qxf7 25. Qd3 Bg7 26. Re2 Rf8 27. Rg1 Kh8 28. Qe3 Qf6 29. c3 b5 30. Qe7 Qh6 31. Re6 Rf6 32. Rxg7 1-0

[Event "SVK-ch Seniors-A"]
[Site "Tatranske Matliare"]
[Date "2010.06.??"]
[Round "4"]
[White "Vinarcik, Milan"]
[Black "Galbavy, Dusan"]
[Result "1/2-1/2"]
[WhiteElo "1755"]
[BlackElo "1877"]
[PlyCount "22"]
[EventDate "2010.06.06"]
[EventType "swiss"]
[EventRounds "9"]
[EventCountry "SVK"]
[SourceTitle "EXT 2023"]
[Source "ChessBase"]
[SourceDate "2022.10.05"]
[SourceVersion "1"]
[SourceVersionDate "2022.10.05"]
[SourceQuality "1"]

1. e4 e6 2. Nc3 Nc6 3. d4 Bb4 4. Qd3 Nge7 5. Nf3 0-0 6. Be2 d5 7. exd5 Nxd5 8. Bd2 Bxc3 9. Bxc3 Ncb4 10. Bxb4 Nxb4 11. Qc3 Nd5 1/2-1/2

[Event "SVK-ch Seniors-A"]
[Site "Tatranske Matliare"]
[Date "2010.06.??"]
[Round "3"]
[White "Vinarcik, Milan"]
[Black "Malinovsky, Jozef"]
[Result "1/2-1/2"]
[WhiteElo "1755"]
[BlackElo "1909"]
[PlyCount "157"]
[EventDate "2010.06.06"]
[EventType "swiss"]
[EventRounds "9"]
[EventCountry "SVK"]
[SourceTitle "EXT 2023"]
[Source "ChessBase"]
[SourceDate "2022.10.05"]
[SourceVersion "1"]
[SourceVersionDate "2022.10.05"]
[SourceQuality "1"]

1. e4 c5 2. Bc4 Nc6 3. Nc3 a6 4. Nf3 e6 5. 0-0 b5 6. Be2 Nd4 7. a3 Bd6 8. e5 Bc7 9. Re1 Bb7 10. d3 Qb8 11. Bf4 Ne7 12. b4 Nxe2+ 13. Qxe2 cxb4 14. axb4 0-0 15. Ne4 Nd5 16. Qd2 Nxf4 17. Qxf4 f6 18. Qh4 Bxe4 19. Qxe4 fxe5 20. Nxe5 Bxe5 21. Qxe5 Qb6 22. Qe3 Qc7 23. Rac1 Qc3 24. Qe4 Rac8 25. Qb7 Qd2 26. Rf1 Rxc2 27. Rxc2 Qxc2 28. Qxd7 Qb3 29. Qd6 Qd5 30. Qxa6 Ra8 31. Qb6 Rd8 32. f3 e5 33. Qc5 Qxc5+ 34. bxc5 Rc8 35. Rc1 Rc6 36. Kf1 Kf7 37. Ke2 Ke6 38. Ke3 Kd5 39. Ra1 Kxc5 40. Ke4 Kd6 41. Ra7 Rb6 42. Rxg7 b4 43. Ra7 b3 44. Ra1 Rb4+ 45. Ke3 Kd5 46. g4 b2 47. Rb1 Ke6 48. h4 Kf6 49. Kd2 Rf4 50. Rxb2 Rxf3 51. Rb4 Rh3 52. Rb6+ Kf7 53. Rb7+ Kg8 54. h5 Rg3 55. Re7 Rxg4 56. Rxe5 Kf7 57. Ke3 Kf6 58. Ra5 Rg5 59. Ra6+ Kf5 60. Ra5+ Kf6 61. Rxg5 Kxg5 62. Ke4 Kxh5 63. Kf5 Kh4 64. d4 Kg3 65. d5 h5 66. d6 h4 67. d7 h3 68. d8Q h2 69. Qd3+ Kg2 70. Qe2+ Kg1 71. Qg4+ Kh1 72. Qf3+ Kg1 73. Qg3+ Kh1 74. Qe1+ Kg2 75. Qd2+ Kg1 76. Qc1+ Kg2 77. Qb2+ Kg1 78. Qb1+ Kg2 79. Qc2+ 1/2-1/2

[Event "SVK-ch Seniors"]
[Site "Tatranske Matliare"]
[Date "2008.06.08"]
[Round "1"]
[White "Vinarcik, Milan"]
[Black "Julenyi, Frantisek"]
[Result "1-0"]
[WhiteElo "1797"]
[BlackElo "2016"]
[PlyCount "37"]
[EventDate "2008.06.08"]
[EventType "swiss"]
[EventRounds "9"]
[EventCountry "SVK"]
[SourceTitle "EXT 2009"]
[Source "ChessBase"]
[SourceDate "2008.11.26"]
[SourceVersion "1"]
[SourceVersionDate "2008.11.26"]
[SourceQuality "1"]

1. e4 g6 2. d4 d6 3. Nf3 c6 4. Nc3 Bg7 5. Be2 Nf6 6. Bg5 Qa5 7. 0-0 Bg4 8. Be3 h5 9. h3 Bd7 10. a3 Qc7 11. Qd2 a5 12. Bf4 b5 13. e5 dxe5 14. dxe5 Qc8 15. exf6 Bxf6 16. Bg5 Bg7 17. Bd3 Na6 18. Rfe1 e6 19. Ne4 1-0